000 00379nam a2200145Ia 4500
008 260624s2022 xx 000 0 und d
020 _a9789354655050
041 _aeng
082 _a611
100 _aKapoor Kanchan
245 _aInderbir Singhs Textbook of CLinical Neuroanatomy
250 _a11th ed
260 _bJaypee Brothers Med. Pub.2022
_c2022
650 _aAnatomy
999 _c1223003
_d1223003